| 000 | 00834nas a22002297a 4500 | ||
|---|---|---|---|
| 005 | 20260521102233.0 | ||
| 008 | 260521b20082019pormr|j| |||| 00| z por d | ||
| 040 | _cBR-ViAPE | ||
| 245 | _aRevista Sim | ||
| 260 |
_aVitória _bSM Comunicação Ltda _c2008-2019 |
||
| 300 |
_av. _bil. |
||
| 310 | _aMensal | ||
| 362 | _aAno 3, n. 25 (jun. jul. 2008) - ano 14, n. 122 (2019). | ||
| 500 | _aDisponibilizada apenas a imagem da capa na versão digital, em virtude de restrições de direitos autorais. | ||
| 500 | _aColeção incompleta: disponíveis apenas alguns números do periódico. | ||
| 650 |
_aPolítica _xTecnologia _xCultura _zEspírito Santo |
||
| 651 |
_aEspírito Santo (Brasil) _vPeriódicos |
||
| 700 |
_aLopes, João Jorge Resegue _eDiretor |
||
| 710 | _aSM Comunicação Ltda | ||
| 942 |
_2ddc _cPER _n1 |
||
| 999 |
_c701 _d701 |
||